| 000 | 00712nam a2200229 a 4500 | ||
|---|---|---|---|
| 005 | 20151117030024.0 | ||
| 008 | 140226b1998 gw ||||| |||| 00| 0 eng d | ||
| 040 |
_aCO-BoIAVH _cCO-BoIAVH |
||
| 041 | _aeng | ||
| 044 | _agx | ||
| 090 |
_aLB _b01211 |
||
| 100 |
_aLange, Dagmar _910789 |
||
| 245 | _aCites checklist for protected medicinal and aromatic plants and their trade name | ||
| 260 |
_aBonn _bGerman CITES scientific Authority Federal Agency for Nature Coservation _c1998 |
||
| 300 | _a50 p. | ||
| 650 |
_aCITES _92790 |
||
| 650 |
_aPlantas medicinales _942004 |
||
| 650 |
_aPlantas aromáticas _92208 |
||
| 650 |
_aListas rojas UICN _91359 |
||
| 700 |
_aSchippmann, Uwe _910792 |
||
| 942 |
_cINFORME _2z |
||
| 999 |
_c1221 _d1221 |
||